Blue Lock Personnages par Images - Statistiques

Statistiques générales
  • Ce quiz a été pris 284 fois
  • Le résultat moyen est 22 sur 127
Statistiques - réponses
Par images Réponse % Correct
Yoichi Isagi
100%
Meguru Bachira
97%
Hyoma Chigiri
88%
Rensuke Kunigami
79%
Seishiro Nagi
77%
Reo Mikage
74%
Rin Itoshi
74%
Gin Gagamaru
73%
Shoei Baro
70%
Sae Itoshi
64%
Ikki Niko
63%
Jinpachi Ego
63%
Ryusei Shido
62%
Jingo Raichi
60%
Ryosuke Kira
54%
Noël Noa
53%
Oliver Aiku
51%
Julien Loki
50%
Tabito Karasu
48%
Yo Hiori
47%
Wataru Kuon
44%
Zantetsu Tsurugi
43%
Eita Otoya
42%
Jyubei Aryu
41%
Yu Bachira
41%
Gurimu Igarashi / Igaguri
38%
Anri Teieri
34%
Kenyu Yukimiya
33%
Nijiro Nanase
32%
Ranze Kurona
32%
Shuto Sendo
27%
Aoshi Tokimitsu
26%
Dada Silva
25%
Adam Blake
24%
Asahi Naruhaya
23%
Pablo Cavasoz
23%
Leonardo Luna
21%
Jin Kiyora
19%
Okuhito Iemon
19%
Junichi Wanima
17%
Keisuke Wanima
17%
Hibiki Okawa
12%
Kai Tokita
12%
Yudai Imamura
12%
Hajime Nishioka
9%
Hirotoshi Buratsuta
9%
Miroku Darai
9%
Gen Fukaku
8%
Juraki Ito
7%
Ken Andatte Shimura
7%
Teppei Neru
7%
Haru Hayate
6%
Kazuma Nio
6%
Kento Cho
6%
Reiji Hiiragi
6%
Ryo Nameoka
6%
Aiki Himizu
4%
Akira Endoji
3%
Issei Isagi
3%
Itsuki Wakatsuki
3%
Kairu Saramadara
3%
Kei Shishiya
3%
Kyohei Shiguma
3%
Ryu Kamioka
3%
Shingen Tanaka
3%
Teru Kitsunezato
3%
Tetsu Sokura
3%
Yukio Ishikari
3%
Beita Tsuru
2%
Hyuga Koshiba
2%
Iori Sato
2%
Iyo Isagi
2%
Koyuki Chigiri
2%
Mahiru Naruhaya
2%
Neneko Chigiri
2%
Taiga Tsunzaki
2%
Tomonori Tada
2%
Ashime Suzuki
1%
Atsuto Tereasa
1%
Burai Daido
1%
Chihiro Ezaki
1%
Daiya Morinaga
1%
Fuma Rokkaku
1%
Girolan Dabadie
1%
Haato Meiji
1%
Haruhiko Yuzu
1%
Harutaro Natsuki
1%
Hirakazu Midorikawa
1%
Hiromu Munakata
1%
Iito Morita
1%
Imaru Akashi
1%
Kanji Torikai
1%
Kisaburo Hijikata
1%
Kiyoshi Yasushi
1%
Koki Mera
1%
Kosei Otsuka
1%
Mareto Takeyama
1%
Masumi Atatame
1%
Noboru Jigen
1%
Raito Fuwa
1%
Retsu Nerima
1%
Rian Sanga
1%
Rikiya Hohai
1%
Ruto Kora
1%
Ryuhei Osuna
1%
Seina Naruhaya
1%
Shinichi Konan
1%
Shinsuke Hekisa
1%
Shizuka Haiji
1%
Shuhei Ebina
1%
Shusaku Nihei
1%
Soshi Kagura
1%
Sota Nemoto
1%
Taisho Hagimoto
1%
Takayuki Tokorojoji
1%
Takeshi Bito
1%
Takuma Isezaki
1%
Tenka Naruhaya
1%
Tobio Madoka
1%
Tsukoteru Eiyu
1%
Yasumori Hoichi
1%
Yawara Banku
1%
Youta Naruhaya
1%
Yujin Koshinaka
1%
Yusei Amazora
1%
Yuya Naruhaya
1%
Yuza Dokomo
1%
Aucun quiz correspondant
Distribution des résultats
% des personnes avec chaque résultat
Percentile par nombre de réponses
Votre historique - résultats
Vous n’avez pas pris ce quiz